ბათუმის შოთა რუსთაველის სახელმწიფო უნივერსიტეტის ბიბლიოთეკა

Справочник проектировщика.Внутренние санитарно-технические устроиства. В 2-х ч. Часть 1: Отопление, водопровод, канализация. (ბიბ.ჩანაწერი № 50704)

000 -LEADER
fixed length control field 00885nam a2200217Ia 4500
001 - CONTROL NUMBER
control field 17655
003 - CONTROL NUMBER IDENTIFIER
control field GE_BSU
008 - FIXED-LENGTH DATA ELEMENTS--GENERAL INFORMATION
fixed length control field 181216s||||||||xx |||||||||||||| ||und||
040 ## - CATALOGING SOURCE
Transcribing agency GE_BSU
080 ## - UNIVERSAL DECIMAL CLASSIFICATION NUMBER
Universal Decimal Classification number 696/697(035.5)
100 ## - MAIN ENTRY--PERSONAL NAME
Personal name Богословский,В.Н. Кольев,С.Ф. Друскин,Л.И. и др.
245 ## - TITLE STATEMENT
Title Справочник проектировщика.Внутренние санитарно-технические устроиства. В 2-х ч. Часть 1: Отопление, водопровод, канализация.
245 ## - TITLE STATEMENT
Statement of responsibility, etc. Под ред. И.Г.Староверова.
250 ## - EDITION STATEMENT
Edition statement Изд. третье, перераб. и дополн.
260 ## - PUBLICATION, DISTRIBUTION, ETC.
Place of publication, distribution, etc. М.
260 ## - PUBLICATION, DISTRIBUTION, ETC.
Name of publisher, distributor, etc. Сройиздат.
260 ## - PUBLICATION, DISTRIBUTION, ETC.
Date of publication, distribution, etc. 1976.
300 ## - PHYSICAL DESCRIPTION
Extent 429 стр. с илл. 27 см.
653 ## - INDEX TERM--UNCONTROLLED
Uncontrolled term Справочник проектировщика.
942 ## - ADDED ENTRY ELEMENTS (KOHA)
Koha item type წიგნი
ეგზემპლარები
Withdrawn status Lost status Damaged status Not for loan Date acquired Barcode Date last seen Price effective from Koha item type
        2018-12-17 10249 2018-12-17 2018-12-17 წიგნი
        2018-12-17 10250 2018-12-17 2018-12-17 წიგნი
        2018-12-17 10251 2018-12-17 2018-12-17 წიგნი